[Event "CHI-ch"]
[Site "Vina del Mar"]
[Date "1997.??.??"]
[Round "3"]
[White "Egger Mancilla, Jorge Alejandro"]
[Black "Letelier Martner, Rene"]
[Result "1-0"]
[WhiteElo "2410"]
[BlackElo "2205"]
[PlyCount "95"]
[EventDate "1997.03.17"]
[EventType "tourn"]
[EventRounds "13"]
[EventCountry "CHI"]
[SourceTitle "CBM 058 Extra"]
[Source "ChessBase"]
[SourceDate "1997.07.29"]
[SourceVersion "1"]
[SourceVersionDate "1997.07.29"]
[SourceQuality "1"]

1. e4 c5 2. Nc3 Nc6 3. Nge2 e6 4. d4 cxd4 5. Nxd4 Nf6 6. Ndb5 d6 7. Bf4 e5 8. Bg5 Be6 9. Bxf6 gxf6 10. Nd5 Rc8 11. Bd3 f5 12. 0-0 a6 13. Nbc3 f4 14. g3 Nd4 15. Kh1 Bh3 16. Rg1 h5 17. gxf4 Bg4 18. Rxg4 hxg4 19. Qxg4 Rc6 20. Rg1 Rh4 21. Qg3 exf4 22. Nxf4 d5 23. exd5 Rch6 24. h3 Bd6 25. Qg8+ Kd7 26. Qxf7+ Kc8 27. Rg7 Bc7 28. d6 Qxd6 29. Rg8+ Bd8 30. Ncd5 Rxh3+ 31. Nxh3 Rxh3+ 32. Kg2 Rh2+ 33. Kg1 Rh6 34. Qf4 Qxd5 35. Rxd8+ Kxd8 36. Qxh6 Nf3+ 37. Kf1 Kc7 38. Qf4+ Kb6 39. Qe3+ Kc7 40. a3 Nd4 41. Qe4 Qd7 42. Ke1 Qg7 43. Qf4+ Kb6 44. Kd2 Nc6 45. c3 Qg8 46. Kc2 Qg7 47. Qe3+ Kc7 48. Qg3+ 1-0

[Event "CHI-ch"]
[Site "Vina del Mar"]
[Date "1997.??.??"]
[Round "1"]
[White "Farias Garrido, Luis"]
[Black "Letelier Martner, Rene"]
[Result "1-0"]
[WhiteElo "2215"]
[BlackElo "2205"]
[PlyCount "79"]
[EventDate "1997.03.17"]
[EventType "tourn"]
[EventRounds "13"]
[EventCountry "CHI"]
[SourceTitle "CBM 058 Extra"]
[Source "ChessBase"]
[SourceDate "1997.07.29"]
[SourceVersion "1"]
[SourceVersionDate "1997.07.29"]
[SourceQuality "1"]

1. d4 Nf6 2. Nf3 b6 3. g3 Bb7 4. Bg2 e6 5. 0-0 c5 6. b3 cxd4 7. Bb2 Be7 8. Nxd4 Bxg2 9. Kxg2 d5 10. Nd2 Qc8 11. N2f3 Qb7 12. Ne5 0-0 13. e3 Nfd7 14. Nd3 Rc8 15. Kg1 b5 16. Rc1 a5 17. a3 Nc6 18. Ra1 Ra6 19. Qe2 Bf6 20. Rfc1 e5 21. Nf5 e4 22. Bxf6 Nxf6 23. Nc5 Qb6 24. Nxa6 Qxa6 25. a4 Rb8 26. axb5 Rxb5 27. Nd6 Rb6 28. Qxa6 Rxa6 29. Nb5 Kf8 30. Rd1 Nb4 31. Nd4 Nd7 32. Ra3 Nc5 33. Rda1 a4 34. bxa4 Ke7 35. a5 Kd7 36. Rb1 Nc6 37. Rb5 Nxd4 38. exd4 Ne6 39. Rxd5+ Kc6 40. c4 1-0

[Event "Santiago op"]
[Site "Santiago de Chile"]
[Date "1997.??.??"]
[Round "3"]
[White "Gonzalez de la Vega, Hugo"]
[Black "Letelier Martner, Rene"]
[Result "0-1"]
[WhiteElo "2075"]
[BlackElo "2205"]
[PlyCount "110"]
[EventDate "1997.??.??"]
[EventType "swiss"]
[EventRounds "9"]
[EventCountry "CHI"]
[SourceTitle "EXT 1998"]
[Source "ChessBase"]
[SourceDate "1997.11.17"]
[SourceVersion "1"]
[SourceVersionDate "1997.11.17"]
[SourceQuality "1"]

1. Nf3 Nf6 2. g3 b6 3. Bg2 Bb7 4. 0-0 e6 5. b3 c5 6. Bb2 Be7 7. c4 0-0 8. Nc3 d6 9. e3 Nbd7 10. d4 a6 11. Re1 Qc7 12. Rc1 Rfe8 13. Qc2 Bf8 14. h3 Rac8 15. Qd3 Qb8 16. d5 e5 17. Ng5 g6 18. f4 Bg7 19. f5 Bh6 20. h4 Qc7 21. Bh3 Qd8 22. Rf1 Rc7 23. Nce4 Nxe4 24. Nxe4 Nf8 25. fxg6 hxg6 26. Rf6 Qe7 27. Rcf1 Rd8 28. h5 Kg7 29. hxg6 Nxg6 30. Bf5 Bc8 31. Qe2 Bg5 32. Rxf7+ Qxf7 33. Nxg5 Qxf5 34. Rxf5 Bxf5 35. e4 Bc8 36. Bc1 Rh8 37. Be3 Re7 38. a3 Bd7 39. Kg2 Ree8 40. Kg1 b5 41. cxb5 axb5 42. Ne6+ Bxe6 43. dxe6 Rxe6 44. Qxb5 Rf8 45. Qd7+ Re7 46. Qxd6 Ref7 47. Qd1 Rf3 48. Bxc5 Rxg3+ 49. Kh2 Rff3 50. Qd7+ Kh6 51. Qe6 Rxb3 52. Bf8+ Kh5 53. Bg7 Rg2+ 54. Kh1 Rb1+ 55. Kxg2 Nf4+ 0-1

[Event "CHI-ch"]
[Site "Vina del Mar"]
[Date "1997.??.??"]
[Round "14"]
[White "Jorquera Cahuin, Marcelo Joaquin"]
[Black "Letelier Martner, Rene"]
[Result "1-0"]
[WhiteElo "2160"]
[BlackElo "2205"]
[PlyCount "53"]
[EventDate "1997.03.17"]
[EventType "tourn"]
[EventRounds "13"]
[EventCountry "CHI"]
[SourceTitle "CBM 058 Extra"]
[Source "ChessBase"]
[SourceDate "1997.07.29"]
[SourceVersion "1"]
[SourceVersionDate "1997.07.29"]
[SourceQuality "1"]

1. e4 c5 2. Nc3 Nc6 3. g3 g6 4. Bg2 Bg7 5. d3 e6 6. Be3 d6 7. Qd2 Nd4 8. Nd1 e5 9. c3 Ne6 10. Ne2 Ne7 11. Bh6 0-0 12. h4 f5 13. Bxg7 Kxg7 14. f4 Bd7 15. Ne3 exf4 16. gxf4 Bc6 17. 0-0-0 Qa5 18. Kb1 Rad8 19. h5 Qa6 20. Rdg1 d5 21. exf5 Nxf5 22. Nxf5+ Rxf5 23. hxg6 hxg6 24. Bh3 Rh5 25. Bxe6 Rxh1 26. Rxh1 d4 27. Rg1 1-0

[Event "CHI-ch"]
[Site "Vina del Mar"]
[Date "1997.??.??"]
[Round "7"]
[White "Rioseco Pinochet, Fernando Luis"]
[Black "Letelier Martner, Rene"]
[Result "1-0"]
[WhiteElo "2226"]
[BlackElo "2205"]
[PlyCount "124"]
[EventDate "1997.03.17"]
[EventType "tourn"]
[EventRounds "13"]
[EventCountry "CHI"]
[SourceTitle "CBM 058 Extra"]
[Source "ChessBase"]
[SourceDate "1997.07.29"]
[SourceVersion "1"]
[SourceVersionDate "1997.07.29"]
[SourceQuality "1"]

1. d4 Nf6 2. c4 g6 3. Nc3 Bg7 4. Nf3 0-0 5. Bg5 h6 6. Bh4 d6 7. e3 c6 8. Be2 a6 9. 0-0 b5 10. a3 bxc4 11. Bxc4 Nbd7 12. Rc1 Rb8 13. b4 Nb6 14. Bd3 Ne8 15. Qe2 Nc7 16. Nd2 Nb5 17. Ncb1 Qe8 18. Nb3 Bd7 19. Na5 e5 20. dxe5 dxe5 21. f3 Kh8 22. e4 Qe6 23. Bf2 Rfc8 24. Rc2 Rc7 25. Rfc1 Kh7 26. Bxb5 axb5 27. Nd2 Na4 28. Ndb3 Bf8 29. Nc5 Nxc5 30. Bxc5 Bxc5+ 31. Rxc5 Kg7 32. Rd1 Be8 33. Rc3 Ra8 34. Rc5 Rca7 35. h3 Rd7 36. Rxd7 Bxd7 37. Qc2 Ra6 38. Kh2 h5 39. Qb2 f6 40. Qd2 Be8 41. Rc3 Qe7 42. Qc1 Qd7 43. Nb3 Ra8 44. Nc5 Qe7 45. Rd3 Ra7 46. Qd2 Rc7 47. Rd6 Bf7 48. Na6 Rc8 49. Rd7 Qe6 50. Nc5 Qc4 51. Qd6 Re8 52. Rc7 Qc1 53. Rxc6 Qf4+ 54. Kg1 Qc1+ 55. Kf2 Qb2+ 56. Kg3 h4+ 57. Kh2 Qxa3 58. Qxf6+ Kg8 59. Rc7 Qa2 60. Re7 Rxe7 61. Qxe7 Qf2 62. Qxe5 Bc4 1-0

[Event "CHI-ch"]
[Site "Santiago de Chile"]
[Date "1995.??.??"]
[Round "?"]
[White "Jorquera Cahuin, Marcelo Joaquin"]
[Black "Letelier Martner, Rene"]
[Result "0-1"]
[WhiteElo "2125"]
[BlackElo "2235"]
[PlyCount "46"]
[EventDate "1995.??.??"]
[EventType "tourn"]
[EventRounds "13"]
[EventCountry "CHI"]
[EventCategory "2"]
[SourceTitle "EXT 2001"]
[Source "ChessBase"]
[SourceDate "2000.11.22"]
[SourceVersion "1"]
[SourceVersionDate "2000.11.22"]
[SourceQuality "1"]

1. e4 e6 2. d3 c5 3. Nf3 Nc6 4. g3 g6 5. Bg2 Bg7 6. 0-0 Nge7 7. c3 0-0 8. d4 cxd4 9. cxd4 d5 10. e5 Nf5 11. Bh3 f6 12. Bxf5 gxf5 13. Bf4 Qb6 14. Qd2 Nxd4 15. Nxd4 fxe5 16. Bh6 Qxd4 17. Bxg7 Qxd2 18. Nxd2 Kxg7 19. Rac1 Rf7 20. Nf3 Kf6 21. Rfe1 e4 22. Nd4 Bd7 23. f3 e5 0-1

[Event "CHI-ch"]
[Site "Santiago de Chile"]
[Date "1995.??.??"]
[Round "?"]
[White "Letelier Martner, Rene"]
[Black "Michel Yunis, Christian D"]
[Result "1-0"]
[WhiteElo "2235"]
[BlackElo "2345"]
[PlyCount "105"]
[EventDate "1995.??.??"]
[EventType "tourn"]
[EventRounds "13"]
[EventCountry "CHI"]
[EventCategory "2"]
[SourceTitle "EXT 2001"]
[Source "ChessBase"]
[SourceDate "2000.11.22"]
[SourceVersion "1"]
[SourceVersionDate "2000.11.22"]
[SourceQuality "1"]

1. d4 d5 2. Nf3 Nf6 3. g3 Bf5 4. c4 e6 5. Bg2 c6 6. 0-0 Nbd7 7. Nbd2 Be7 8. b3 0-0 9. Bb2 h6 10. a3 a5 11. Re1 Bh7 12. h3 Re8 13. e3 Bf8 14. Qe2 Qb6 15. c5 Qc7 16. Rec1 Ne4 17. b4 b6 18. Nxe4 Bxe4 19. Bf1 bxc5 20. dxc5 Bh7 21. Qd2 Be4 22. Be2 f6 23. Ne1 e5 24. Kh2 Bg6 25. Nf3 f5 26. Nh4 Bh7 27. Bh5 Re6 28. f4 Be7 29. Ng2 Bf6 30. Bf3 Rae8 31. b5 e4 32. Be2 Bxb2 33. Qxb2 cxb5 34. Bxb5 Rb8 35. Rab1 Rc6 36. Bxc6 Rxb2 37. Bxd5+ Kf8 38. Rxb2 Nf6 39. Rb7 Qd8 40. Rf7+ Ke8 41. Ba2 Bg8 42. Rxf6 Qxf6 43. Bxg8 Qb2 44. Rc4 Kd8 45. Be6 Qxa3 46. c6 Kc7 47. Bxf5 a4 48. Bxe4 Qb3 49. Rd4 a3 50. Rd7+ Kb8 51. c7+ Kc8 52. Bf5 g6 53. Rd3+ 1-0

[Event "CHI-ch"]
[Site "Santiago de Chile"]
[Date "1995.??.??"]
[Round "?"]
[White "Llorens Sepulveda, Marcelo"]
[Black "Letelier Martner, Rene"]
[Result "1-0"]
[WhiteElo "2200"]
[BlackElo "2235"]
[PlyCount "79"]
[EventDate "1995.??.??"]
[EventType "tourn"]
[EventRounds "13"]
[EventCountry "CHI"]
[EventCategory "2"]
[SourceTitle "EXT 2001"]
[Source "ChessBase"]
[SourceDate "2000.11.22"]
[SourceVersion "1"]
[SourceVersionDate "2000.11.22"]
[SourceQuality "1"]

1. e4 e5 2. Nf3 d6 3. d4 Nf6 4. dxe5 Nxe4 5. Qd5 Nc5 6. Bg5 Be7 7. exd6 Qxd6 8. Nc3 c6 9. Qxd6 Bxd6 10. 0-0-0 Be7 11. Bc4 Nba6 12. Rhe1 Be6 13. a3 Nc7 14. b4 Nd7 15. Bxe7 Kxe7 16. Ng5 Nb6 17. Nxe6 Nxe6 18. Bb3 Rhd8 19. f4 Rxd1+ 20. Kxd1 Rd8+ 21. Kc1 g6 22. g4 Kf8 23. Bxe6 Re8 24. f5 gxf5 25. gxf5 fxe6 26. fxe6 Ke7 27. Ne4 Nd5 28. Rg1 Kxe6 29. Nc5+ Kf5 30. Nxb7 Re2 31. h4 Rh2 32. Rg5+ Ke4 33. Nc5+ Ke3 34. b5 Nb6 35. bxc6 Kd4 36. Nb3+ Ke4 37. Nd2+ Kf4 38. Rb5 Rh1+ 39. Kb2 Rxh4 40. Rxb6 1-0

[Event "CHI-ch"]
[Site "Santiago de Chile"]
[Date "1995.??.??"]
[Round "?"]
[White "Sepulveda Herrera, Job Rodrigo"]
[Black "Letelier Martner, Rene"]
[Result "1/2-1/2"]
[WhiteElo "2240"]
[BlackElo "2235"]
[PlyCount "126"]
[EventDate "1995.??.??"]
[EventType "tourn"]
[EventRounds "13"]
[EventCountry "CHI"]
[EventCategory "2"]
[SourceTitle "EXT 2001"]
[Source "ChessBase"]
[SourceDate "2000.11.22"]
[SourceVersion "1"]
[SourceVersionDate "2000.11.22"]
[SourceQuality "1"]

1. d4 Nf6 2. c4 e6 3. Nc3 c5 4. d5 d6 5. e4 Be7 6. Bd3 0-0 7. Nge2 exd5 8. exd5 Ng4 9. 0-0 Ne5 10. Bc2 f5 11. b3 Na6 12. Bb2 Nc7 13. Qd2 f4 14. f3 b5 15. Nxb5 Nxb5 16. cxb5 a6 17. Rad1 Bf6 18. Bb1 axb5 19. Nc3 Bh4 20. Ne4 Ng6 21. b4 c4 22. Qd4 Rf7 23. Rd2 Ne7 24. g4 fxg3 25. Nxg3 Ng6 26. f4 Bf6 27. Qe3 c3 28. Bxc3 Bxc3 29. Bxg6 Rc7 30. Rd3 Bxb4 31. Bxh7+ Kh8 32. Qe4 Bc5+ 33. Kh1 Rxa2 34. Bf5 Re7 35. Qf3 Bxf5 36. Nxf5 Ree2 37. Qh5+ Kg8 38. Nh6+ gxh6 39. Rg3+ Kf8 40. Qxh6+ Ke8 41. Rg8+ Kd7 42. Rxd8+ Kxd8 43. Qh4+ Kc7 44. Re1 Rxe1+ 45. Qxe1 b4 46. f5 b3 47. Qb1 Rf2 48. Qxb3 Rxf5 49. Kg2 Kd8 50. h4 Ke7 51. Kg3 Re5 52. Kg4 Kf6 53. Qf3+ Kg7 54. Qd3 Kh6 55. Qf3 Kg7 56. h5 Be3 57. Qe2 Kh6 58. Qb2 Bc5 59. Qc1+ Kg7 60. Qb2 Kh6 61. Qb8 Rg5+ 62. Kf4 Rxh5 63. Qf8+ Kg6 1/2-1/2

[Event "CHI-ch"]
[Site "Santiago de Chile"]
[Date "1995.??.??"]
[Round "?"]
[White "Valenzuela Fuentealba, Luis"]
[Black "Letelier Martner, Rene"]
[Result "1-0"]
[WhiteElo "2275"]
[BlackElo "2235"]
[PlyCount "63"]
[EventDate "1995.??.??"]
[EventType "tourn"]
[EventRounds "13"]
[EventCountry "CHI"]
[EventCategory "2"]
[SourceTitle "EXT 2001"]
[Source "ChessBase"]
[SourceDate "2000.11.22"]
[SourceVersion "1"]
[SourceVersionDate "2000.11.22"]
[SourceQuality "1"]

1. d4 Nf6 2. c4 e6 3. Nf3 b6 4. a3 d5 5. Nc3 Be7 6. Bg5 0-0 7. Bxf6 Bxf6 8. cxd5 exd5 9. g3 Re8 10. Bg2 Bf5 11. 0-0 c6 12. b4 a6 13. Qb3 Nd7 14. a4 b5 15. a5 Nf8 16. Rfd1 Ra7 17. Rac1 Ne6 18. e3 Qd6 19. Na2 g5 20. Rc3 Rc7 21. Nc1 g4 22. Nd2 Be7 23. Na2 Ng5 24. Rdc1 h5 25. Bxd5 Nh3+ 26. Kf1 cxd5 27. Rxc7 Qf6 28. f4 gxf3 29. R1c6 Bd6 30. Nc1 Qg5 31. Rxd6 Rxe3 32. Nxf3 1-0

[Event "ARAIS tt"]
[Site "Santiago de Chile"]
[Date "1994.??.??"]
[Round "?"]
[White "Wachtendorff, Fernando"]
[Black "Letelier Martner, Rene"]
[Result "1-0"]
[WhiteElo "2245"]
[BlackElo "2210"]
[PlyCount "71"]
[EventDate "1994.??.??"]
[EventType "team"]
[EventRounds "10"]
[EventCountry "CHI"]
[SourceTitle "EXT 2001"]
[Source "ChessBase"]
[SourceDate "2000.11.22"]
[SourceVersion "1"]
[SourceVersionDate "2000.11.22"]
[SourceQuality "1"]

1. Nf3 g6 2. g3 Bg7 3. Bg2 Nf6 4. d4 d6 5. 0-0 0-0 6. b3 e5 7. dxe5 Ng4 8. Bb2 Nc6 9. Nc3 Ngxe5 10. Ne1 Re8 11. Qd2 h5 12. Rd1 h4 13. Nd5 hxg3 14. hxg3 Nc4 15. bxc4 Bxb2 16. c3 Ba3 17. Qh6 Ne5 18. Bf3 c6 19. Ne3 Qf6 20. Kg2 Qg7 21. Qh4 Bc5 22. N1c2 Nxf3 23. exf3 Qxc3 24. Nd4 Bd7 25. Rh1 Kg7 26. Qh6+ Kf6 27. Qf4+ Kg7 28. g4 Rh8 29. g5 f5 30. gxf6+ Kf7 31. Ng4 Bxg4 32. Qxg4 Qxc4 33. Rhe1 Rae8 34. Qd7+ Kxf6 35. Rxe8 Rxe8 36. Qxe8 1-0

[Event "CHI-ch"]
[Site "Santiago de Chile"]
[Date "1993.??.??"]
[Round "?"]
[White "Bombardiere Rosas, Eduardo"]
[Black "Letelier Martner, Rene"]
[Result "1/2-1/2"]
[WhiteElo "2270"]
[BlackElo "2215"]
[PlyCount "23"]
[EventDate "1993.??.??"]
[EventType "tourn"]
[EventRounds "13"]
[EventCountry "CHI"]
[SourceTitle "EXT 1998"]
[Source "ChessBase"]
[SourceDate "1997.11.17"]
[SourceVersion "1"]
[SourceVersionDate "1997.11.17"]
[SourceQuality "1"]

1. d4 d5 2. Nf3 Nf6 3. g3 c5 4. Bg2 g6 5. 0-0 cxd4 6. Nxd4 Bg7 7. c4 0-0 8. cxd5 Nxd5 9. Nc2 Nb6 10. Nc3 Nc6 11. Bg5 Nc4 12. Nd5 1/2-1/2

[Event "Mar del Plata"]
[Site "Mar del Plata"]
[Date "1990.??.??"]
[Round "6"]
[White "Letelier Martner, Rene"]
[Black "Cid, Marino Alejandro"]
[Result "0-1"]
[WhiteElo "2285"]
[BlackElo "2315"]
[PlyCount "120"]
[EventDate "1990.??.??"]
[EventType "tourn"]
[EventRounds "9"]
[EventCountry "ARG"]
[EventCategory "4"]
[SourceTitle "CBM 020"]
[Source "ChessBase"]
[SourceDate "1991.02.01"]
[SourceVersion "1"]
[SourceVersionDate "1991.02.01"]
[SourceQuality "1"]

1. c4 Nf6 2. Nc3 g6 3. d4 Bg7 4. e4 d6 5. Be2 0-0 6. Bg5 h6 7. Be3 e5 8. d5 c6 9. h3 cxd5 10. cxd5 a6 11. Nf3 Nbd7 12. 0-0 Ne8 13. Ne1 f5 14. exf5 gxf5 15. f4 exf4 16. Bd4 Be5 17. a4 Qe7 18. a5 Nc5 19. Bxc5 dxc5 20. Nd3 Bc7 21. Qc1 Nf6 22. Bf3 Ne4 23. Re1 Qg7 24. Ne2 Bd6 25. Ndxf4 Bd7 26. Nh5 Qg5 27. Nhf4 Rae8 28. Ne6 Bxe6 29. Qxg5+ Nxg5 30. dxe6 Nxf3+ 31. gxf3 Rxe6 32. Nc3 Rfe8 33. Rxe6 Rxe6 34. Kf2 Be5 35. Ra3 Kf7 36. Rb3 Re7 37. Rb6 Rd7 38. Ke2 Kg7 39. h4 h5 40. Na4 Bd4 41. b3 c4 42. Rb4 cxb3 43. Rxb3 Bf6 44. Rb4 Bd8 45. Nb6 Re7+ 46. Kf2 Re5 47. Rd4 Bxb6 48. axb6 Kf6 49. Kg3 Re6 50. Rb4 Rc6 51. Kf4 Rd6 52. Rb2 Rd4+ 53. Kg3 Rd5 54. Rc2 Rb5 55. Rc8 Rxb6 56. Rf8+ Ke5 57. Re8+ Re6 58. f4+ Kd5 59. Rh8 Ke4 60. Rxh5 Rb6 0-1